Fractures... / (Record no. 185633)

MARC details
000 -LEADER
campo de control de longitud fija 00790nam a2200205 i 4500
001 - NÚMERO DE CONTROL
campo de control 185633
003 - IDENTIFICADOR DE NÚMERO DE CONTROL
campo de control ES-MaACL
005 - FECHA Y HORA DE LA ÚLTIMA TRANSACCIÓN
campo de control 20230906222500.0
008 - DATOS DE LONGITUD FIJA--INFORMACIÓN GENERAL
campo de control de longitud fija 160729m19151916fr |||| | fre d
100 1# - ENTRADA PRINCIPAL--NOMBRE DE PERSONA
Nombre de persona Tanton, Jean.
9 (RLIN) 160247
245 10 - MENCIÓN DEL TÍTULO
Título Fractures... /
Mención de responsabilidad, etc. par Jean Tanton.
260 ## - PUBLICACIÓN, DISTRIBUCIÓN, ETC.
Lugar de publicación, distribución, etc. Paris :
Nombre del editor, distribuidor, etc. J. B. Baillière et fils,
Fecha de publicación, distribución, etc. 1915-1916.
300 ## - DESCRIPCIÓN FÍSICA
Extensión 2 vol. (860-617 p.) :
Otras características físicas il. ;
Dimensiones 24 cm.
490 1# - MENCIÓN DE SERIE
Mención de serie Nouveau traité de chirurgie clinique et opératoire ;
Designación de volumen o secuencia 4
505 8# - NOTA DE CONTENIDO CON FORMATO
Nota de contenido con formato Contiene: Vol 1: Fractures en général - Fracture des membres. - Vol. 2 : Fractures du membre inférieur
650 04 - PUNTO DE ACCESO ADICIONAL DE MATERIA--TÉRMINO DE MATERIA
Término de materia o nombre geográfico como elemento de entrada Fracturas óseas-
Subdivisión general Tratamiento.
9 (RLIN) 12976
830 0# - PUNTO DE ACCESO ADICIONAL DE SERIE-TÍTULO UNIFORME
Título uniforme Nouveau traité de chirurgie clinique et opératoire ;
Designación de volumen o secuencia 4
9 (RLIN) 192361
852 ## - LOCALIZACIÓN
Ubicación ES-MaACL
Número de control de estantería B-13546-47
Holdings
Estatus retirado Estado de pérdida Estado de daño No para préstamo Biblioteca de origen Biblioteca actual Ubicación en estantería Fecha de adquisición Fuente de adquisición Total de préstamos Signatura topográfica completa Código de barras Visto por última vez Precio de reemplazo Tipo de ítem Koha
        Biblioteca del Ateneo de Madrid Biblioteca del Ateneo de Madrid Sala Pardo Bazán 29/07/2016     B-13546-47 1195680 23/02/2023 23/02/2023 Libro impreso